|
|
|
|
| LEADER |
00000nam0a2200000 4500 |
| 001 |
367322 |
| 005 |
20231102011954.0 |
| 035 |
|
|
|a (RuTPU)RU\TPU\retro\24685
|
| 090 |
|
|
|a 367322
|
| 100 |
|
|
|a 20220309d1979 km y0rusy50 ca
|
| 101 |
0 |
|
|a rus
|
| 102 |
|
|
|a RU
|
| 105 |
|
|
|a a z 001zy
|
| 200 |
1 |
|
|a Гидротехническое строительство в районах вечной мерзлоты и сурового климата
|f Всесоюзный научно-исследовательский институт гидротехники им. Б. Е. Веденеева
|
| 210 |
|
|
|a Ленинград
|c Энергия
|d 1979
|
| 215 |
|
|
|a 188 с.
|c ил.
|
| 225 |
1 |
|
|a Материалы конференций и совещаний по гидротехнике
|
| 320 |
|
|
|a Библиогр. в конце ст.
|
| 606 |
1 |
|
|a Гидротехническое строительство в условиях вечной мерзлоты
|2 stltpush
|3 (RuTPU)RU\TPU\subj\7018
|9 34761
|
| 610 |
1 |
|
|a проектирование
|
| 610 |
1 |
|
|a строительство
|
| 610 |
1 |
|
|a эксплуатация
|
| 610 |
1 |
|
|a плотины
|
| 610 |
1 |
|
|a грунтовые материалы
|
| 610 |
1 |
|
|a дамбы
|
| 610 |
1 |
|
|a хвостохранилища
|
| 610 |
1 |
|
|a термонапряженное состояние
|
| 610 |
1 |
|
|a вечномерзлые основания
|
| 675 |
|
|
|a 627.8.05
|v 4
|
| 712 |
0 |
2 |
|a Всесоюзный научно-исследовательский институт гидротехники им. Б. Е. Веденеева
|2 stltpush
|3 (RuTPU)RU\TPU\col\11485
|9 25125
|
| 801 |
|
1 |
|a RU
|b 63413507
|c 20220309
|
| 942 |
|
|
|c BK
|